PRINCIPLES OF MANUAL THERAPY (Record no. 8182)

MARC details
000 -LEADER
fixed length control field 00448nam a22001817a 4500
005 - DATE AND TIME OF LATEST TRANSACTION
control field 20230111115433.0
008 - FIXED-LENGTH DATA ELEMENTS--GENERAL INFORMATION
fixed length control field 221221b |||||||| |||| 00| 0 eng d
020 ## - INTERNATIONAL STANDARD BOOK NUMBER
ISBN 978-9393-527030-2
041 ## - LANGUAGE CODE
Language code of text/sound track or separate title eng
082 ## - DEWEY DECIMAL CLASSIFICATION NUMBER
Classification number 615 SEE-P
100 ## - MAIN ENTRY--AUTHOR NAME
Personal name SEBASTIAN , DEEPAK
245 ## - TITLE STATEMENT
Title PRINCIPLES OF MANUAL THERAPY
250 ## - EDITION STATEMENT
Edition statement 3rd ed.
260 ## - PUBLICATION, DISTRIBUTION, ETC. (IMPRINT)
Place of publication NEW DELHI
Name of publisher JAYPEE BROTHERS
Year of publication 2019
300 ## - PHYSICAL DESCRIPTION
Number of Pages 366;P.
650 ## - SUBJECT ADDED ENTRY--TOPICAL TERM
Topical Term BPT
942 ## - ADDED ENTRY ELEMENTS (KOHA)
Koha item type Books
Holdings
Lost status Damaged status Collection code Home library Current library Shelving location Date acquired Source of acquisition Cost, normal purchase price Full call number Accession Number Koha item type
    Reference JRU Library JRU Library Shelf - 26- B 19/11/2022 LOHIA BOOK INTERNATIONAL 895.00 615-SEE-P 27269 Books